Lea en colores
Uloženo v:
| Hlavní autoři: | , , |
|---|---|
| Médium: | Kniha |
| Jazyk: | španělština |
| Vydáno: |
Santiago
Zig Zag
2001
|
| Vydání: | 20a. ed |
| Témata: | |
| Tagy: |
Přidat tag
Žádné tagy, Buďte první, kdo vytvoří štítek k tomuto záznamu!
|
MARC
| LEADER | 00000nam a2200000 a 4500 | ||
|---|---|---|---|
| 001 | UCL1903 | ||
| 003 | CL-VaPUC | ||
| 008 | 030926e20010000CL |||||||||||||||||spa|d | ||
| 020 | |a 9561204312 | ||
| 082 | 0 | 4 | |a 372.4 |b RIQ |2 21 |
| 100 | 0 | |a Riquelme S., Berta |e author |9 478836 | |
| 700 | |a Gómez Catalán, Luis |e author |9 567708 | ||
| 700 | 0 | |a Valenzuela M., Domingo |e author |9 478838 | |
| 245 | 1 | 0 | |a Lea en colores |
| 250 | |a 20a. ed | ||
| 300 | |a 111 p | ||
| 942 | |c BK | ||
| 945 | |d 20030926 00:00:00 |a cmena | ||
| 260 | |a Santiago |b Zig Zag |c 2001 | ||
| 650 | 0 | |a Lectura |9 307634 | |
| 650 | 0 | |a Enseñanza de la lectura |9 308364 | |
| 650 | 0 | |a Educación básica |9 224933 | |
| 650 | 7 | |a MATERIAL DE LECTURA |2 CL-VaPUC |9 335057 | |
| 583 | |a last modification |c 20030926 00:00:00 |k Rodrigo Vera | ||
| 999 | |c 305341 |d 305339 | ||
| 952 | |0 0 |1 0 |4 0 |6 372_400000000000000_RIQ_2001 |7 0 |8 A |9 368813 |a BIBEDU |b BIBEDU |d 2019-11-21 |i 3942244 |o 372.4 RIQ 2001 |p 3942244 |r 2019-11-21 |w 2019-11-21 |y BK |k EBA | ||
| 952 | |0 0 |1 0 |4 0 |6 372_400000000000000_RIQ_2001 |7 0 |8 A |9 368814 |a BIBEDU |b BIBEDU |d 2019-11-21 |i 3942252 |o 372.4 RIQ 2001 |p 3942252 |r 2019-11-21 |w 2019-11-21 |y BK |k EBA | ||
| 952 | |0 0 |1 0 |4 0 |6 372_400000000000000_RIQ_2001 |7 0 |8 A |9 368815 |a BIBEDU |b BIBEDU |d 2019-11-21 |i 3979229 |o 372.4 RIQ 2001 |p 3979229 |r 2019-11-21 |w 2019-11-21 |y BK |k EPE | ||